| 000 | 00702nam a2200229 a 4500 | ||
|---|---|---|---|
| 001 | 55045 | ||
| 003 | BD-RjUL | ||
| 005 | 20211209080216.0 | ||
| 008 | 161113r19631997enk 000 0 eng d | ||
| 035 | _a(BD-RjUL)55167 | ||
| 035 | _a1245134 | ||
| 040 |
_aANL _beng _cANL _dANL |
||
| 041 | _aeng | ||
| 082 | 0 | 4 |
_a954.01 _bKOC 1997 |
| 100 | 1 |
_aKosambi, Damodar Dharmanand, _d1967-1966. _9164094 |
|
| 245 | 1 | 4 |
_aThe culture and civilization of ancient India in historical outline / _cby D. D. Kosambi. |
| 260 |
_aLondon : _bRoutledge and K. Paul, _c1963 [reprint 1997] |
||
| 300 |
_axi, 243 p. : _bill. ; _c26 cm. |
||
| 651 | 0 |
_aIndia _xCivilization. _9164095 |
|
| 942 |
_2ddc _cBK |
||
| 999 |
_c55045 _d55045 |
||